00898nam a2200193 a 450000100100000000500170001000800410002704000250006808200150009310000380010824501340014626000770028030000270035749000260038470000530041083000330046395201910049699900170068700004618120201002052706.0150703s2000 dr a 000 0 spa d aDO-SdBNPbspacBNPHU axxxxbxxxx1 aBeltramino, Juan Carlos M.97422710aCurso avanzado sobre negociación internacional /cJuan Carlos M. Beltramino ; presentación Miguel Antonio Rodríguez Cabrer. aSanto Domingo :bSecretaría de Estado de Relaciones Exteriores,c2000. a60 p. :bil. ;c21 cm.1 aCursos especializados12aRodríguez Cabrer, Miguel Antonio,epres.92259 0aCursos especializados955133 0010718PDaPDbPDcCTd2015-07-03iLF1l0oxxxx xxxxp46181-10r2020-06-25w2020-06-25yLFPDzPerteneció a la biblioteca personal de Chiqui Vicioso / Fidelio Despradel.ZNo se presta c45670d45670